| 000 | 01056cam a22003137a 4500 | ||
|---|---|---|---|
| 003 | CHAP | ||
| 005 | 20220329140209.0 | ||
| 008 | 971013s1901 us r 00010 eng d | ||
| 010 | _a48420 | ||
| 011 | _a49392 | ||
| 035 | _a53540 | ||
| 040 | _cCHAP | ||
| 082 | 0 | 4 |
_a598.2 _bR53 |
| 100 | 0 | 0 |
_aRidgway, Robert. _997352 |
| 245 | 1 | 4 | _aThe birds of North and middle America ; a descriptive catalogue... |
| 260 |
_aWashington : _bGovernment Printing Office, _c1901- |
||
| 300 |
_av. _b; láms. |
||
| 490 | 0 |
_aBulletin of the United States National Musseum _v; 50 |
|
| 590 |
_aBATCH-UPD _b10 _c20130110 _lUCH01 _h0134 |
||
| 590 |
_aBATCH-UPD _b10 _c20130110 _lUCH01 _h2150 |
||
| 590 |
_aBATCH-UPD _b10 _c20130410 _lUCH01 _h1458 |
||
| 590 |
_aBATCH-UPD _b10 _c20130914 _lUCH01 _h0609 |
||
| 590 |
_aCONVERSION _b10 _c20130109 _lUCH01 _h1326 |
||
| 650 | 1 | 4 |
_aAves _xAmérica del Norte. _98592 |
| 830 | 0 |
_aBulletin of the United States National Musseum _v; 50 _916049 |
|
| 901 | _aBK | ||
| 942 | _cLIBRO | ||
| 949 |
_a598.2 R53 _bBC _cBPA _d-118651 _eBPA _fv.5 _h27203 _i53540 _si |
||
| 999 |
_c48420 _d48420 |
||